[Event "Vitrolles-ch 13th"]
[Site "Vitrolles"]
[Date "2012.11.10"]
[Round "3"]
[White "Flores, Adrian"]
[Black "Arslan, Paul Peter"]
[Result "1-0"]
[WhiteElo "1918"]
[BlackElo "1880"]
[PlyCount "54"]
[EventDate "2012.03.09"]
[EventType "swiss"]
[EventRounds "9"]
[EventCountry "FRA"]
[SourceTitle "EXT 2014"]
[Source "ChessBase"]
[SourceDate "2013.11.20"]
[SourceVersion "1"]
[SourceVersionDate "2013.11.20"]
[SourceQuality "1"]

1. d4 g6 2. c4 Bg7 3. Nc3 c5 4. Nf3 cxd4 5. Nxd4 Nc6 6. Nxc6 bxc6 7. e4 Nf6 8. Be3 0-0 9. Be2 d6 10. 0-0 Qc7 11. f3 Bd7 12. Qd2 Rab8 13. Rab1 Rb7 14. Bh6 Rfb8 15. Bxg7 Kxg7 16. Kh1 Rb4 17. Rfd1 Qb7 18. b3 a5 19. Bd3 c5 20. Qe1 Rb6 21. Bc2 Qc7 22. Nd5 Nxd5 23. exd5 Be8 24. Qxa5 Qb7 25. Qc3+ Kg8 26. Re1 Ra6 27. a4 Rb6 1-0

[Event "Vitrolles 1112"]
[Site "Vitrolles"]
[Date "2011.10.08"]
[Round "1"]
[White "Flores, Adrian"]
[Black "Battaglia, Gerard"]
[Result "1-0"]
[WhiteElo "1899"]
[BlackElo "1847"]
[PlyCount "47"]
[EventDate "2011.10.08"]
[EventType "tourn"]
[EventRounds "9"]
[EventCountry "FRA"]
[SourceTitle "EXT 2014"]
[Source "ChessBase"]
[SourceDate "2013.11.20"]
[SourceVersion "1"]
[SourceVersionDate "2013.11.20"]
[SourceQuality "1"]

1. Nf3 d5 2. d4 e6 3. c4 c5 4. e3 cxd4 5. exd4 dxc4 6. Nc3 Bb4 7. Bxc4 Qc7 8. Qa4+ Nc6 9. 0-0 Bd7 10. Nb5 Qb8 11. d5 exd5 12. Bxd5 Nge7 13. Bxc6 Nxc6 14. a3 Be7 15. Bf4 Qc8 16. Nc7+ Kf8 17. Nxa8 Qxa8 18. Rad1 Be6 19. Nd4 Nxd4 20. Qxd4 h6 21. Be5 Rg8 22. Bd6 b6 23. Rfe1 Qc6 24. Qb4 1-0

[Event "Marseille op 2nd "]
[Site "Marseille"]
[Date "2009.12.29"]
[Round "8"]
[White "Flores, Adrian"]
[Black "Rezki, Bernard"]
[Result "1-0"]
[WhiteElo "1808"]
[BlackElo "1960"]
[PlyCount "49"]
[EventDate "2009.12.26"]
[EventType "swiss"]
[EventRounds "9"]
[EventCountry "FRA"]
[SourceTitle "CBM 134 Extra"]
[Source "ChessBase"]
[SourceDate "2010.03.03"]
[SourceVersion "1"]
[SourceVersionDate "2010.03.03"]
[SourceQuality "1"]

1. e4 c5 2. Nf3 d6 3. d4 cxd4 4. Nxd4 Nf6 5. Nc3 a6 6. Bg5 e6 7. f4 Be7 8. Bd3 Qc7 9. Qe2 Nc6 10. Nxc6 Qxc6 11. 0-0 Rb8 12. Kh1 b5 13. e5 Nd5 14. Be4 Bxg5 15. fxg5 Bb7 16. Bxd5 exd5 17. exd6+ Kd8 18. Qe7+ Kc8 19. Rxf7 Ra8 20. d7+ Kb8 21. d8Q+ Rxd8 22. Qxd8+ Ka7 23. Qxd5 Qb6 24. Re1 Rd8 25. Rxb7+ 1-0

[Event "Marseille op 2nd "]
[Site "Marseille"]
[Date "2009.12.28"]
[Round "5"]
[White "Claustre, Jordan"]
[Black "Flores, Adrian"]
[Result "1-0"]
[WhiteElo "1540"]
[BlackElo "1808"]
[PlyCount "49"]
[EventDate "2009.12.26"]
[EventType "swiss"]
[EventRounds "9"]
[EventCountry "FRA"]
[SourceTitle "CBM 134 Extra"]
[Source "ChessBase"]
[SourceDate "2010.03.03"]
[SourceVersion "1"]
[SourceVersionDate "2010.03.03"]
[SourceQuality "1"]

1. e4 c5 2. c3 Nc6 3. d4 cxd4 4. cxd4 d5 5. exd5 Qxd5 6. Nf3 e5 7. Nc3 Bb4 8. a3 Bxc3+ 9. bxc3 Bg4 10. Be2 Rd8 11. c4 Qe4 12. d5 Bxf3 13. gxf3 Qd4 14. Rb1 Qxd1+ 15. Kxd1 Rd7 16. f4 Nf6 17. fxe5 Nxe5 18. Bb2 Neg4 19. Bxg4 Nxg4 20. Re1+ Kf8 21. Rg1 Nxf2+ 22. Ke2 Nh3 23. Bxg7+ Kg8 24. Bh6+ Nxg1+ 25. Rxg1# 1-0